• 首页
  • 本馆介绍
  • 公告通知
  • 最新文献
  • 馆藏检索
  • 电子资源
  • 读者导购
  • 参考咨询
  • 我的图书馆
  • 登录
  • 详细信息显示
  • 放入我的书架
  • 预约/预借图书
  • 作者相关作品
  • 分类相关作品
  • 丛书相关作品
  • 出版社相关作品

书目信息

  • 表格格式
  • 工作单格式
  • 卡片格式
书名: The scarecrow
作者: by Yeh Sheng-tao
分册号:
分册名:
出版地: Beijing :
 
出版社: Foreign Languages Pr
出版时间: 1986.
页数: 97 p. :
开本: 20 cm.
丛书名:
中图分类号:
科图分类号:
其他分类号: H319.4
主题词:
电子资源:
000 01035nam 2200289 a 4500
001 E0734020385
005 20070210093057.31
008 000@1eng
008 uu
020    @cCNY1.10.
040    @aCcBjTSG
041 1  @aeng @hchi
043    @aa-cc---
049    @aN5LA
090    @a2C-96/I287.5/Y37//////7728677/-79;/ 3cop.
090    @aH319.4
096    @aI287.5 @v3
099    @dH319.4@ex482=4
100 1  @aYe, Shengtao, @d1894-1988
240 10 @aSelections. @lEnglish
240 10 @aDao cao ren. @lEnglish
242 10 @a稻草人(英语版) / @c叶圣陶 @ychi
245 14 @aThe scarecrow / @cby Yeh Sheng-tao
260    @aBeijing :@bForeign Languages Pr.,@c1986.
300    @a97 p. :@bcol. ill. ;@c20 cm.
650  0 @aChildren's stories, Chinese @vTranslations into English. @b00 @c20020930 @lNLC09 @h2243 @b40 @c20021228 @lNLC09 @h0839 @b40 @c20021228 @lNLC09 @h0841 @b40 @c20021228 @lNLC09 @h0841 @lNLC09 @h2209 @lNLC09 @h1800 @b40 @c20050106 @lNLC09 @h2010
852 9  @bWWJC @cJ08S @k2C-96 @hI287.5 @iY37
    
    The scarecrow / / by Yeh Sheng-tao.-Beijing : : Foreign Languages Pr., , 1986.
    97 p. : : col. ill. ; ; 20 cm.
    
    
    ISBN CNY1.10.
    
●
相关链接 在E读中查询图书 在五车中查询图书 在当当中查询图书 在豆瓣中查询图书


正题名:scarecrow     索取号:H319.4/x482=4         预约/预借

序号 登录号 条形码 馆藏地/架位号 状态 备注
1 01687   000446066   第四借阅区/ [索取号:H319.4/x482=4] 在馆    
2 01688   000446388   第四借阅区/ [索取号:H319.4/x482=4] 在馆    
3 01689   000446100   第四借阅区/ [索取号:H319.4/x482=4] 在馆    
4 01690   000446146   第四借阅区/ [索取号:H319.4/x482=4] 在馆    
5 01691   000445986   第四借阅区/ [索取号:H319.4/x482=4] 在馆    
6 01692   000446191   第四借阅区/ [索取号:H319.4/x482=4] 在馆    
7 01693   000446271   第四借阅区/ [索取号:H319.4/x482=4] 在馆    
8 01694   000446315   第四借阅区/ [索取号:H319.4/x482=4] 在馆    
9 01695   000446235   第四借阅区/ [索取号:H319.4/x482=4] 在馆    
10 01696   000445940   第四借阅区/ [索取号:H319.4/x482=4] 在馆    
11 05027   000446182   第四借阅区/ [索取号:H319.4/x482=4] 在馆    
12 49348   000446020   第四借阅区/ [索取号:H319.4/x482=4] 在馆    
唐山师范学院图书馆 欢迎您!
大连网信软件有限公司© 版权所有